Top 100 Atlanta Falcons of All Time - Statistics

General Stats
  • This quiz has been taken 25 times
  • The average score is 16 of 100
Answer Stats
Position Player % Correct
WR Julio Jones
100%
QB Matt Ryan
100%
QB Michael Vick
88%
DE Brady Smith
67%
DE Chuck Smith
67%
CB Deion Sanders
67%
DT Don Smith
67%
WR Roddy White
67%
RB Devonta Freeman
50%
CB Kenny Johnson
50%
RB Jamal Anderson
46%
K Morten Andersen
46%
TE Tony Gonzalez
46%
QB Chris Chandler
42%
RB Warrick Dunn
42%
WR Alfred Jackson
38%
OT Jake Matthews
38%
LB Joel Williams
38%
RB Michael Turner
38%
QB Steve Bartkowski
38%
WR Andre Rison
33%
DE John Abraham
33%
C Alex Mack
29%
RB Gerald Riggs
25%
QB Chris Miller
21%
CB Desmond Trufant
21%
K Matt Bryant
21%
DL Rick Bryan
21%
EDGE Vic Beasley
21%
OT Warren Bryant
21%
DE Claude Humphrey
17%
LB Jessie Tuggle
17%
S Ray Brown
17%
C Jeff Van Note
13%
LB Keith Brooking
13%
DT Mike Lewis
13%
TE Alge Crumpler
8%
OT Bob Whitfield
8%
CB DeAngelo Hall
8%
DT Jonathan Babineaux
8%
CB Robert Alford
8%
DT Rod Coleman
8%
CB Rolland Lawrence
8%
WR Terance Mathis
8%
RB Tevin Coleman
8%
LB Tommy Nobis
8%
DT Travis Hall
8%
FB William Andrews
8%
WR Alfred Jenkins
4%
OG Bill Fralic
4%
OT Chris Hinton
4%
WR Harry Douglas
4%
TE Jim Mitchell
4%
WR Michael Jenkins
4%
OT Mike Kenn
4%
DE Patrick Kerney
4%
OG R.C. Thielemann
4%
CB/S Scott Case
4%
S Thomas DeCoud
4%
C Todd McClure
4%
OT Tyson Clabo
4%
LB Al Richardson
0%
WR Bert Emanuel
0%
QB Bob Berry
0%
CB Bobby Butler
0%
S Bob Glazebrook
0%
WR Brian Finneran
0%
LB Buddy Curry
0%
FB Dave Hampton
0%
OG Dave Scott
0%
LB Don Hansen
0%
LB Fulton Kuykendall
0%
OT George Kunz
0%
LB Greg Brezina
0%
OL Houston Hoover
0%
C Jamie Dukes
0%
DE Jeff Merrow
0%
DE Jeff Yeates
0%
LB John Rade
0%
OG John Scully
0%
DE John Zook
0%
OG Justin Blalock
0%
CB Ken Reaves
0%
EDGE Kroy Biermann
0%
OG Kynan Forney
0%
DE Lester Archambeau
0%
WR Michael Haynes
0%
DE Mike Gann
0%
CB Ray Buchanan
0%
S Ray Easterling
0%
DB Rick Byas
0%
C Robbie Tobeck
0%
OT Ryan Schraeder
0%
OT Sam Baker
0%
LB Stephen Nicholas
0%
OT Todd Weiner
0%
FS Tom Pridemore
0%
DT Tony Casillas
0%
WR Wallace Francis
0%
S William Moore
0%
No matching quizzes found
Score Distribution
Percent of People with Each Score
Percentile by Number Answered
Your Score History
You have not taken this quiz